Nelineárny model volatility priemernej hodnoty dôchodkových jednotiek rastových dôchodkových fondov na Slovensku

Štatistická analýza agregovanej premennej - priemernej hodnoty rastových dôchodkových fondov. ARIMA model priemernej hodnoty dôchodkových jednotiek rastových dôchodkových fondov. Autoregresný model podmienenej heteroskedasticity.

Salvato in:
Dettagli Bibliografici
Autore principale: Rublíková, Eva
Altri autori: Brzák, Jaroslav
Natura: Capitolo di libro
Lingua:slovacco
Soggetti:
Tags: Aggiungi Tag
Nessun Tag, puoi essere il primo ad aggiungerne!!

MARC

LEADER 00000nla$a2200000$$$4500
001 0114441
005 20240502072257.2
041 0 |a slo 
044 |a SK 
245 1 0 |a Nelineárny model volatility priemernej hodnoty dôchodkových jednotiek rastových dôchodkových fondov na Slovensku  |c Eva Rublíková, Jaroslav Brzák 
520 |a Štatistická analýza agregovanej premennej - priemernej hodnoty rastových dôchodkových fondov. ARIMA model priemernej hodnoty dôchodkových jednotiek rastových dôchodkových fondov. Autoregresný model podmienenej heteroskedasticity. 
610 2 0 |a modelovanie 
610 2 0 |a modely 
610 2 0 |a analýza štatistická 
610 2 0 |a dôchodky 
610 2 0 |a volatilita 
100 1 |a Rublíková, Eva 
700 1 |a Brzák, Jaroslav